| 000 | 01045cam a2200229 4500 | ||
|---|---|---|---|
| 001 | ABS65886 | ||
| 008 | 020813n2002 000 0 eng u | ||
| 035 | _a(Sirsi) u119320 | ||
| 100 | _aLoney, N | ||
| 245 | _aRethinking the rural economy | ||
| 260 | _c2002 | ||
| 490 |
_aRegeneration and Renewal _v19 July 2002, 16-17(2) |
||
| 520 | _aDiscusses the European Union's proposals to redirect money from farming subsidies into rural regeneration. Britain supports the changes to CAP and its introduction of modulation is supported by RICS but there are concerns that CAP reforms will lead to a reduction in net farm income and farmers will turn to environmentally damaging practices. However other point out that farmers will still receive money but for protection of the environment and support of the local rural community. | ||
| 590 | _aABS | ||
| 650 | _aMODULATION | ||
| 650 | _aCAP REFORM | ||
| 650 | _aCOMMON AGRICULTURAL POLICY | ||
| 650 | _aFARM SUBSIDIES | ||
| 650 | _aRURAL ECONOMIES | ||
| 690 |
_aRural _96268 |
||
| 942 | _n0 | ||
| 999 |
_c70942 _d70942 |
||